Equipe Type PSG saison 2025/2026 - Statistiques

Statistiques générales
  • Ce quiz a été pris 235 fois
  • Le résultat moyen est 10 sur 11
Statistiques - réponses
% Correct
Ousmane Dembelé
98%
Achraf Hakimi
95%
Désiré Doué
95%
Nuno Mendes
95%
Lucas Chevalier
94%
Willian Pacho
94%
João Neves
91%
Vitinha
91%
Fabián Ruiz
90%
Marquinhos
90%
Khvicha Kvaratskhelia
65%
Aucun quiz correspondant
Distribution des résultats
% des personnes avec chaque résultat
Percentile par nombre de réponses
Votre historique - résultats
Vous n’avez pas pris ce quiz